<?xml version="1.0" encoding="UTF-8"?><?xml-stylesheet type="text/xsl" href="static/style.xsl"?><OAI-PMH xmlns="http://www.openarchives.org/OAI/2.0/" xmlns:xsi="http://www.w3.org/2001/XMLSchema-instance" xsi:schemaLocation="http://www.openarchives.org/OAI/2.0/ http://www.openarchives.org/OAI/2.0/OAI-PMH.xsd"><responseDate>2026-04-17T05:12:04Z</responseDate><request verb="GetRecord" identifier="oai:www.recercat.cat:2445/182567" metadataPrefix="marc">https://recercat.cat/oai/request</request><GetRecord><record><header><identifier>oai:recercat.cat:2445/182567</identifier><datestamp>2025-12-05T10:34:20Z</datestamp><setSpec>com_2072_1057</setSpec><setSpec>col_2072_478917</setSpec><setSpec>col_2072_478935</setSpec></header><metadata><record xmlns="http://www.loc.gov/MARC21/slim" xmlns:dcterms="http://purl.org/dc/terms/" xmlns:xsi="http://www.w3.org/2001/XMLSchema-instance" xmlns:doc="http://www.lyncode.com/xoai" xsi:schemaLocation="http://www.loc.gov/MARC21/slim http://www.loc.gov/standards/marcxml/schema/MARC21slim.xsd">
   <leader>00925njm 22002777a 4500</leader>
   <datafield ind2=" " ind1=" " tag="042">
      <subfield code="a">dc</subfield>
   </datafield>
   <datafield ind2=" " ind1=" " tag="720">
      <subfield code="a">Camps Calvet, Clara</subfield>
      <subfield code="e">author</subfield>
   </datafield>
   <datafield ind2=" " ind1=" " tag="720">
      <subfield code="a">Morero Beltrán, Anna</subfield>
      <subfield code="e">author</subfield>
   </datafield>
   <datafield ind2=" " ind1=" " tag="720">
      <subfield code="a">Almeda, Elisabet</subfield>
      <subfield code="e">author</subfield>
   </datafield>
   <datafield ind2=" " ind1=" " tag="260">
      <subfield code="c">2022-01-24T12:20:17Z</subfield>
   </datafield>
   <datafield ind2=" " ind1=" " tag="260">
      <subfield code="c">2022-01-24T12:20:17Z</subfield>
   </datafield>
   <datafield ind2=" " ind1=" " tag="260">
      <subfield code="c">2021-09</subfield>
   </datafield>
   <datafield ind2=" " ind1=" " tag="260">
      <subfield code="c">2022-01-24T12:20:17Z</subfield>
   </datafield>
   <datafield ind2=" " ind1=" " tag="520">
      <subfield code="a">El referéndum del 1 de octubre de 2017 sobre la autodeterminación en Catalunya fue convocado por el gobierno catalán, pero la jornada fue posible gracias a la organización popular. Una prohibición judicial y la violencia y la brutalidad policial fueron la respuesta del Estado a la convocatoria. A esta represión política, le seguirían la apertura de varias causas judiciales, la más importante de ellas la que se ha conocido como 'juicio del proceso', que acabarían con acusaciones de delitos muy graves, con encarcelamientos y con el exilio político de parte del gobierno catalán y de líderes sociales. En este artículo analizamos los 'marcos de referencia' y los 'repertorios de acción' de la acción colectiva de los votantes del 1 de octubre, y usamos esos mismos constructos para analizar la respuesta política y judicial del Estado español. Este análisis nos permite descubrir que el conflicto político alrededor de los hechos del 1 de octubre, es la expresión de una divisoria de confrontación transicional entre un bloque social que defiende unos valores conservadores, autoritarios y ultranacionalistas con otro bloque social que quiere ampliar los límites democratizadores y, por lo tanto, derechos y libertades. Constatamos, además, que la represión política del Estado ha funcionado como un factor acrecentador de unos significados e imaginarios ligados a la necesidad de ampliar y profundizar en la democracia, a la vez, que ha puesto de manifiesto que los principios de autoridad y de la indisoluble unidad de España están muy arraigados</subfield>
   </datafield>
   <datafield tag="653" ind2=" " ind1=" ">
      <subfield code="a">Autodeterminació nacional</subfield>
   </datafield>
   <datafield tag="653" ind2=" " ind1=" ">
      <subfield code="a">Persecucions polítiques</subfield>
   </datafield>
   <datafield tag="653" ind2=" " ind1=" ">
      <subfield code="a">Referèndum de l'1 d'octubre de 2017, Catalunya</subfield>
   </datafield>
   <datafield tag="653" ind2=" " ind1=" ">
      <subfield code="a">Democratització</subfield>
   </datafield>
   <datafield tag="653" ind2=" " ind1=" ">
      <subfield code="a">National self-determination</subfield>
   </datafield>
   <datafield tag="653" ind2=" " ind1=" ">
      <subfield code="a">Political persecution</subfield>
   </datafield>
   <datafield tag="653" ind2=" " ind1=" ">
      <subfield code="a">Catalan independence referendum, 2017</subfield>
   </datafield>
   <datafield tag="653" ind2=" " ind1=" ">
      <subfield code="a">Democratization</subfield>
   </datafield>
   <datafield ind2="0" ind1="0" tag="245">
      <subfield code="a">Autodeterminación y represión política en Catalunya. Referéndum, excepcionalidad penal y democratización</subfield>
   </datafield>
</record></metadata></record></GetRecord></OAI-PMH>